000 00228nam a22000977a 4500
999 _c521368
_d521368
082 _aTNC
100 _aPakrasi, B Kanti
_935115
245 _aFemale Infanticide in india
260 _aEditions indian
_bS. Ghatack
300 _a304p.